| 000 | 01664nam a2200361 i 4500 | ||
|---|---|---|---|
| 003 | OSt | ||
| 005 | 20230316160540.0 | ||
| 008 | 230316t20212021enka jr 000 1 eng d | ||
| 020 |
_a9780711251984 _cRM 55.50 _qhardback |
||
| 040 |
_aPPAK _beng _cPPAK _erda |
||
| 082 | 0 | 4 |
_a823.92 _223 |
| 090 | 0 | 0 |
_a823.92 _bQUA _dK |
| 110 | 2 |
_aQuarto Publishing plc, _eauthor. |
|
| 245 | 1 | 0 |
_aIt's OK to Make Mistakes / _cILLUSTRATED BY ANNELIESDRAWS. |
| 246 | 3 | _aIt is okay to need a friend | |
| 264 | 1 |
_a London : _bWide Eyed Editions, _c2021 |
|
| 264 | 4 | _c©2021 | |
| 300 |
_a1 volume : _bchiefly illustrations (colour) ; _c20 cm. |
||
| 300 |
_a16 unnumbered pages : _bcolour illustrations ; _c20 cm. |
||
| 336 |
_atext _2rdacontent |
||
| 337 |
_aunmediated _2rdamedia |
||
| 338 |
_avolume _2rdacarrier |
||
| 490 | 1 | _aLittle Brown Bear | |
| 520 | _aWhat happens when we make a mistake? As Little Brown Bear knows, making a mistake isn't something to be ashamed of, it's something to celebrate, because mistakes show that we are learning and growing. See how Little Brown Bear tries new things, keeps going even when he finds a puzzle tricky and always knows that mistakes are great - because they are how you learn! Simple, poignant messages about being brave and trying your best are illustrated with Annelies' adorable vintage-style artwork. | ||
| 650 | 1 | 0 |
_aBears _vJuvenile fiction. |
| 650 | 2 | 0 |
_aErrors _vJuvenile fiction. |
| 650 | 2 | 0 |
_aLearning _vJuvenile fiction. |
| 655 | 7 |
_aPicture books. _2lcgft |
|
| 700 | 1 |
_aAnneliesDraws, _eillustrators. |
|
| 800 | 1 |
_aAnneliesDraws. _tLittle Brown Bear. |
|
| 830 | 0 | _aLittle Brown Bear | |
| 942 |
_2ddc _cB |
||
| 999 |
_c191765 _d191765 |
||